000 00550 a2200193 4500
001 60997
005 20260407155901.0
008 260407a1949 arg spa d
003 AR-UNSa-BCEJYS
040 _aAR-UNSa-BCEJYS
_bspa
_cAR-UNSa-BCEJYS
080 _a342.9
_xDerecho Administrativo
245 1 0 _aDerecho administrativo
264 1 _aBuenos Aires :
_bTipográfica Editora Argentina
_c1949
300 _a6 v.
_c23 cm.
041 _aspa
942 _cBK
590 _aniveau_biblio:m niveau_hierar:0
100 1 _aVillegas Basavilbaso, Benjamín
999 _c7183
_d7183